=LDR 00000nam 2200000 4500 =001 INLIS000000000026290 =005 20130612124736 =008 ***********************************Ind** =035 ##$$0010-061300000026290 =041 ##$$a Ind =082 ##$$a 348 =090 ##$$a 348, Zen r =100 ##$$a Zen, A. Patra M =245 ##$$a Refleksi dan penyusunan strategi mewujudkan partisipasi masyrakat dalam penyusunan peraturan perundang-undangan, A. Patra M. Zen =260 ##$$a 21 cm $b Jakarta =650 ##$$a Hukum =850 ##$$a NBPNMAT